000 00491nam a2200157Ia 4500
008 160316s2002 xxu||||| |||| 00| 0 eng d
082 _a341.700000
_bPRO-2
100 _a
245 _aProtection of cultural property in the event of armed conflict
250 _a
260 _aGeneva
_bI C R C
_c2002
300 _a223p
_b
_c
365 _b Gratis
650 _a1. Cultural Property - Protection - International Law 2. Cultural Property - Protection - Law & Legislation
700 _a
_a
999 _c26998
_d26998